• 首页
  • 本馆介绍
  • 公告通知
  • 最新文献
  • 馆藏检索
  • 电子资源
  • 读者导购
  • 参考咨询
  • 我的图书馆
  • 登录
  • 详细信息显示
  • 放入我的书架
  • 预约/预借图书
  • 作者相关作品
  • 分类相关作品
  • 丛书相关作品
  • 出版社相关作品

书目信息

  • 表格格式
  • 工作单格式
  • 卡片格式
题名:
表哥的Access入门
    
 
作者: 林书明 著
分册:  
出版信息: 北京   电子工业出版社  2016
页数: 180页
开本: 24cm
丛书名: CDA数据分析师系列丛书
单 册:
中图分类: TP311.138AC , TP311.138
科图分类:
主题词: 关系数据库系统
电子资源:
ISBN: 978-7-121-28006-1
000 00944nam0 2200253 450
001 3142
005 20161208083840.96
010    @a978-7-121-28006-1@dCNY49.00
100    @a20160411d2016 em y0chiy50 ea
101 0  @achi
102    @aCN@b110000
105    @ay z 000yy
200 1  @a表哥的Access入门@9biao ge de Access ru men@e以Excel视角快速学习数据库知识@f林书明著
210    @a北京@c电子工业出版社@d2016
215    @a180页@d24cm
225 1  @aCDA数据分析师系列丛书
330    @a本书以案例教学的方式,通过一个简单的小饭馆数据库管理程序的开发过程,介绍如何规范Access数据、如何设计查询和窗体,以及如何设计Access报表和宏。
517 1  @a以Excel视角快速学习数据库知识@9yi Excel shi jiao kuai su xue xi shu ju ku zhi shi
606 0  @a关系数据库系统
690    @aTP311.138AC@v5
690    @aTP311.138@v4
701  0 @a林书明@9lin shu ming@4著
801  0 @aCN@b大连网信软件有限公司图书馆·11@c20161208
905    @aZUCC@dTP311.138AC@e1035
    
    表哥的Access入门:以Excel视角快速学习数据库知识/林书明著.-北京:电子工业出版社,2016
    180页;24cm.-(CDA数据分析师系列丛书)
    
    
    ISBN 978-7-121-28006-1:CNY49.00
    本书以案例教学的方式,通过一个简单的小饭馆数据库管理程序的开发过程,介绍如何规范Access数据、如何设计查询和窗体,以及如何设计Access报表和宏。
●
相关链接 在E读中查询图书 在五车中查询图书 在当当中查询图书 在豆瓣中查询图书


正题名:表哥的Access入门     索取号:TP311.138AC/1035         预约/预借

序号 登录号 条形码 馆藏地/架位号 状态 备注
1 912023   209120235   第二样本阅览室/ [索取号:TP311.138AC/1035] 在馆    
2 912024   209120244   第三借阅区/ [索取号:TP311.138AC/1035] 在馆    
3 912025   209120253   密集书库—计算机科学学院/ [索取号:TP311.138AC/1035] 在馆    
唐山师范学院图书馆 欢迎您!
大连网信软件有限公司© 版权所有